Les nuages (1) - Statistiques

Statistiques générales
  • Ce quiz a été pris 105 fois
  • Le résultat moyen est 7 sur 10
Statistiques - réponses
Catégories Nom des nuages % Correct
Cu Cumulus
90%
Cu Cumulonimbus
85%
St Stratus
78%
Ci Cirrus
68%
Sc Stratocumulus
61%
As Altostratus
56%
Cs Cirrostratus
56%
Ac Altocumulus
54%
Ns Nimbostratus
54%
Cc Cirrocumulus
53%
Aucun quiz correspondant
Distribution des résultats
% des personnes avec chaque résultat
Percentile par nombre de réponses
Votre historique - résultats
Vous n’avez pas pris ce quiz